Catálogo público

Aves de corral / (Record no. 109140)

MARC details
000 -CABECERA
campo de control de longitud fija 01126nam a2200325 a 4500
001 - NÚMERO DE CONTROL
campo de control 000112679
003 - IDENTIFICADOR DEL NÚMERO DE CONTROL
campo de control CHAP
005 - FECHA Y HORA DE LA ÚLTIMA TRANSACCIÓN
campo de control 20250322162306.0
008 - DATOS DE LONGITUD FIJA--INFORMACIÓN GENERAL
campo de control de longitud fija 160920s2014 mx a |r| ||||||spa d
010 ## - NÚMERO DE CONTROL DE LA BIBLIOTECA DEL CONGRESO
Número de control de LC 109140
011 ## - ENLACE DEL NUMERO DE CONTROL DE LA BIBLIOTECA DEL CONGRESO [OBSOLETO]
Número de control de LC 110112
020 ## - NÚMERO INTERNACIONAL ESTÁNDAR DEL LIBRO
Número Internacional Estándar del Libro 9786071719744
040 ## - FUENTE DE LA CATALOGACIÓN
Centro/agencia transcriptor CHAP
082 04 - NÚMERO DE LA CLASIFICACIÓN DECIMAL DEWEY
Número de clasificación 636.5
Número de documento/Ítem A95 2014
245 10 - MENCIÓN DE TÍTULO
Título Aves de corral /
Mención de responsabilidad, etc. Basado en el trabajo de A. Fernán Castellanos Echeverría ; con la colaboración de F. R. Kirchner Salinas ...[y otros seis].
250 ## - MENCIÓN DE EDICIÓN
Mención de edición Cuarta edición.
300 ## - DESCRIPCIÓN FÍSICA
Extensión 136 p. :
Otras características físicas il.
490 ## - MENCIÓN DE SERIE
Mención de serie Manuales para educación agropecuaria. Producción animal
650 14 - PUNTO DE ACCESO ADICIONAL DE MATERIA--TÉRMINO DE MATERIA
Término de materia o nombre geográfico como elemento de entrada Aves de corral.
9 (RLIN) 8636
650 14 - PUNTO DE ACCESO ADICIONAL DE MATERIA--TÉRMINO DE MATERIA
Término de materia o nombre geográfico como elemento de entrada Avicultura
Subdivisión general Crianza.
9 (RLIN) 131092
700 ## - PUNTO DE ACCESO ADICIONAL--NOMBRE DE PERSONA
9 (RLIN) 152451
Nombre de persona Castellanos Echevería,Fernán A
Término indicativo de función/relación Basado en el trabajo de.
700 1# - PUNTO DE ACCESO ADICIONAL--NOMBRE DE PERSONA
9 (RLIN) 131124
Nombre de persona Kirchner Salinas, F. R.
Término indicativo de función/relación Colaborador.
830 0# - PUNTO DE ACCESO ADICIONAL DE SERIE-TÍTULO UNIFORME
Título uniforme Manuales para educación agropecuaria. Área producción animal (Trillas)
9 (RLIN) 70694
942 ## - ELEMENTOS DE PUNTO DE ACCESO ADICIONAL (KOHA)
Tipo de ítem Koha Libro
Fuente del sistema de clasificación o colocación Dewey Decimal Classification
942 ## - ELEMENTOS DE PUNTO DE ACCESO ADICIONAL (KOHA)
Suprimir en OPAC 0
Fuente del sistema de clasificación o colocación Dewey Decimal Classification
260 ## - PUBLICACIÓN, DISTRIBUCIÓN, ETC.
Lugar de publicación, distribución, etc. México, D.F. :
Nombre del editor, distribuidor, etc. Trillas,
Fecha de publicación, distribución, etc. 2014.
590 ## - NOTA LOCAL (RLIN)
Nota local E5765TAJ
Procedencia (VM) [OBSOLETO] 05
Condición del los carretes individuales (VM) [OBSOLETO] 20160920
590 ## - NOTA LOCAL (RLIN)
Nota local E5765TAJ
Procedencia (VM) [OBSOLETO] 05
Condición del los carretes individuales (VM) [OBSOLETO] 20160920
901 ## - ELEMENTOS DE DATOS A LOCAL LDA (RLIN)
a BK
Holdings
Estado de retiro Estado de pérdida Fuente del sistema de clasificación o colocación Estado dañado Restricciones de uso No para préstamo Código de colección Localización permanente Ubicación/localización actual Ubicación en estantería Fecha de adquisición Información codificada de la localización en otra ubicación Total de préstamos Signatura topográfica completa Código de barras Fecha visto por última vez Fecha del último préstamo Número de copia Precio válido a partir de Tipo de ítem Koha
    Dewey Decimal Classification   Préstamo 15 días   General Biblioteca Central Biblioteca Central Planta principal - Colección General 09/04/2018 LIBRO 2 636.5 A95 2014 33724002547355 27/06/2025 18/06/2025 c.2 31/12/2019 Libro
    Dewey Decimal Classification   Préstamo 15 días   General Biblioteca Central Biblioteca Central Planta principal - Colección General 09/04/2018 LIBRO 2 636.5 A95 2014 33724002547678 06/02/2025 20/01/2025   31/12/2019 Libro
    Dewey Decimal Classification   Préstamo 15 días   General Centro Regional San Luis Acatlán Centro Regional San Luis Acatlán   05/06/2017 LIBRO   636.5 C38 2014 02000000997 31/12/2019   c.4 05/06/2017 Libro
    Dewey Decimal Classification   Préstamo 15 días   General Centro Regional San Luis Acatlán Centro Regional San Luis Acatlán   27/09/2016 LIBRO   636.5 C5 2014 02000000747 31/12/2019   c.2 27/09/2016 Libro
    Dewey Decimal Classification   Préstamo 15 días   General Centro Regional San Luis Acatlán Centro Regional San Luis Acatlán   27/09/2016 LIBRO   636.5 C5 2014 02000000748 31/12/2019   c.3 27/09/2016 Libro
    Dewey Decimal Classification   Préstamo 15 días   General Centro Regional San Luis Acatlán Centro Regional San Luis Acatlán   20/09/2016 LIBRO   636.5 C5 2014 02000000805 31/12/2019     20/09/2016 Libro